|
|
|
|
| LEADER |
00000nam0a2200000 4500 |
| 001 |
316270 |
| 005 |
20231102002847.0 |
| 020 |
|
|
|a RU
|b 82-29076
|
| 035 |
|
|
|a (RuTPU)RU\TPU\book\341708
|
| 090 |
|
|
|a 316270
|
| 100 |
|
|
|a 20160316d1982 km y0rusy5003 ca
|
| 101 |
0 |
|
|a rus
|
| 102 |
|
|
|a RU
|
| 105 |
|
|
|a y j 001zy
|
| 200 |
1 |
|
|a Руководство по расчету количества и удельных показателей выбросов вредных веществ в атмосферу
|f Всесоюзный научно-исследовательский институт транспортного строительства (ВНИИТС)
|
| 210 |
|
|
|a Москва
|c Ин-т "ВПТИтрансстрой"
|d 1982
|
| 215 |
|
|
|a 44 с.
|c граф.
|
| 320 |
|
|
|a Библиогр.: с. 42-43
|
| 606 |
1 |
|
|a Окружающая среда
|x Загрязнения
|x (общественная гигиена)
|2 stltpush
|3 (RuTPU)RU\TPU\subj\38911
|9 59156
|
| 610 |
1 |
|
|a отходящие газы
|
| 610 |
1 |
|
|a вредные вещества
|
| 610 |
1 |
|
|a вредные газообразные выбросы
|
| 610 |
1 |
|
|a удельные показатели
|
| 610 |
1 |
|
|a расчеты
|
| 610 |
1 |
|
|a атмосферные выбросы
|
| 610 |
1 |
|
|a охрана труда
|
| 610 |
1 |
|
|a защита
|
| 610 |
1 |
|
|a окружающая природная среда
|
| 610 |
1 |
|
|a учебные руководства
|
| 675 |
|
|
|a 614.7(075)
|z rus
|v 3
|
| 712 |
0 |
2 |
|a Всесоюзный научно-исследовательский институт транспортного строительства (ВНИИТС)
|c (Москва)
|2 stltpush
|3 (RuTPU)RU\TPU\col\21623
|
| 801 |
|
0 |
|a RU
|b RuMRKP
|c 19950704
|g psbo
|
| 801 |
|
1 |
|a RU
|b 63413507
|c 20160316
|
| 801 |
|
2 |
|a RU
|b 63413507
|c 20191120
|g RCR
|
| 942 |
|
|
|c BK
|